Countries with the Largest Navy Fleet - Statistics

General Stats
  • This quiz has been taken 49 times
  • The average score is 13 of 20
Answer Stats
# of Warships and Submarines Country % Correct
777 China
100%
605 Russia
100%
484 USA
95%
295 India
93%
155 Japan
93%
180 France
91%
234 South Korea
88%
184 Italy
86%
450 North Korea
81%
156 Turkey
74%
296 Indonesia
70%
292 Thailand
67%
245 Egypt
63%
316 Sweden
49%
246 Finland
40%
201 Algeria
35%
155 Myanmar
30%
450 Colombia
26%
275 Sri Lanka
19%
170 Bolivia
7%
No matching quizzes found
Score Distribution
Percent of People with Each Score
Percentile by Number Answered
Your Score History
You have not taken this quiz